000
00326nam a22001457a 4500
003
SGT
082
_a
615.1
_b
P22S
100
_a
SHARMA, SHALINI
245
_a
ELEMENTS OF PHARMACEUTICS
260
_a
PUNJAB
_b
S.VIKASH
_c
2022
300
_a
314
650
_a
PHARMACEUTICS
653
_a
ELEMENTS, PHARMACEUTICS
942
_2
ddc
_c
BK
999
_c
26400
_d
26400